| 000 | 00684nam a22002417a 4500 | ||
|---|---|---|---|
| 005 | 20170124110002.0 | ||
| 010 | _a812026 | ||
| 020 | _c00.00 | ||
| 035 | _a812026 | ||
| 037 | _bCen Lib/Ret | ||
| 040 |
_aDPL _bEN |
||
| 082 |
_a352 _bDEL |
||
| 245 |
_aDeliberative and executive wings in local government / _cedited by R.B. Das [and] D.P. Singh |
||
| 260 |
_bOxford and IBH publishing _a New Delhi _c1968 |
||
| 270 | _bNew Delhi | ||
| 300 |
_axiii,168p. _c21cm(Hb) |
||
| 500 | _aIncludes index | ||
| 650 |
_aLaw _9104 |
||
| 650 |
_aLocal government _988926 |
||
| 700 |
_aDas, R.B. _916023 |
||
| 700 |
_aD.P. Singh _916024 |
||
| 942 |
_2ddc _cEN _h352 _mDEL |
||
| 999 |
_c125933 _d125933 |
||